El nuevo sistema procesal penal

Na minha lista:
Detalhes bibliográficos
Autor principal: Carocca Pérez, Alex (Author)
Formato: Livro
Idioma:espanhol
Publicado em: Santiago Jurídica La Ley 2003
Assuntos:
Tags: Adicionar Tag
Sem tags, seja o primeiro a adicionar uma tag!

MARC

LEADER 00000nam a2200000 a 4500
001 UCM8937
003 CL-VaPUC
008 030404e20030000CL |||||||||||||||||spa|d
020 |a 9567844461 
082 0 4 |a 345.8305  |b CAR  |2 21 
100 0 |a Carocca Pérez, Alex  |e author  |9 475249 
245 1 3 |a El nuevo sistema procesal penal 
300 |a 296 p 
942 |c BK 
945 |d 20030404 00:00:00  |a cmena 
260 |a Santiago  |b Jurídica La Ley  |c 2003 
650 0 |a Reforma procesal penal   |9 471095 
650 7 |a DERECHO PENAL  |2 CL-VaPUC  |9 11 
650 7 |a DERECHO PENAL CHILENO  |2 CL-VaPUC  |9 475250 
651 7 |a CHILE  |2 CL-VaPUC  |9 475251 
583 |a last modification  |c 20030404 00:00:00  |k Rodrigo Vera 
999 |c 303349  |d 303347 
952 |0 0  |1 0  |4 0  |6 345_830500000000000_CAR_2003  |7 0  |8 A  |9 364586  |a BIBDER  |b BIBDER  |d 2019-11-21  |i 3891445  |o 345.8305 CAR 2003  |p 3891445  |r 2023-01-25  |w 2019-11-21  |y BK  |k DER 
952 |0 0  |1 0  |4 0  |6 345_830500000000000_CAR_2003  |7 0  |8 A  |9 364587  |a BIBDER  |b BIBDER  |d 2019-11-21  |i 4226704  |l 4  |m 2  |o 345.8305 CAR 2003  |p 4226704  |r 2024-11-11  |s 2024-11-11  |w 2019-11-21  |y BK  |k DER